[Event "4NCL Online Division 4"]
[Site "online"]
[Date "2021.01.26"]
[Round "1.23"]
[White "Adam, David W"]
[Black "Baumann, Tobias"]
[Result "0-1"]
[WhiteElo "1725"]
[BlackElo "2005"]
[PlyCount "66"]
[EventDate "2021.01.26"]
[WhiteTeam "Bradford DCA Knights B"]
[BlackTeam "Hackney Thirsty"]

1. c4 c5 2. Nc3 Nc6 3. g3 Nf6 4. Bg2 d6 5. d3 e6 6. e4 Be7 7. Nge2 O-O 8. O-O
Qb6 9. h3 Rd8 10. f4 Nd4 11. Nxd4 cxd4 12. Ne2 e5 13. g4 Nd7 14. b3 a5 15. Ng3
Nc5 16. Nf5 Bxf5 17. gxf5 a4 18. Rb1 axb3 19. axb3 Ra2 20. Rf2 Rda8 21. Rxa2
Rxa2 22. fxe5 dxe5 23. Bf1 Qb4 24. Qg4 Qe1 25. Rb2 Rxb2 26. Bxb2 Nxd3 27. Qg2
Nxb2 28. Qxb2 Qxe4 29. Bg2 Qe3+ 30. Qf2 Qxb3 31. Qe2 Qb1+ 32. Kh2 Qxf5 33. Bxb7
d3 0-1

[Event "4NCL Online Division 4"]
[Site "online"]
[Date "2021.01.26"]
[Round "1.24"]
[White "Tennyson, John"]
[Black "Clarke, Paul R H"]
[Result "1-0"]
[WhiteElo "1982"]
[BlackElo "1729"]
[PlyCount "57"]
[EventDate "2021.01.26"]
[WhiteTeam "Hackney Thirsty"]
[BlackTeam "Bradford DCA Knights B"]

1. c4 c6 2. Nc3 d5 3. cxd5 cxd5 4. d4 Nf6 5. Nf3 Bg4 6. Bf4 e6 7. e3 Bd6 8.
Bb5+ Nc6 9. Qa4 Bxf4 10. Bxc6+ bxc6 11. Qxc6+ Kf8 12. exf4 Bxf3 13. gxf3 g6 14.
Rg1 Rc8 15. Qa4 Kg7 16. Qxa7 Qd6 17. Qa4 Qxf4 18. Qd1 Qxh2 19. Ke2 Rb8 20. Qd2
Qd6 21. a3 Qa6+ 22. Ke3 Rb3 23. a4 Rhb8 24. Ra2 R8b4 25. a5 Ne8 26. Qd3 Qa7 27.
f4 Nd6 28. Rb1 Rxd4 29. Qxd4+ 1-0

[Event "4NCL Online Division 4"]
[Site "online"]
[Date "2021.01.26"]
[Round "1.31"]
[White "Fink-Nunn, Petra"]
[Black "Kirkham, Mark"]
[Result "1-0"]
[WhiteElo "2050"]
[BlackElo "1823"]
[PlyCount "53"]
[EventDate "2021.01.26"]
[WhiteTeam "Bude Surfers"]
[BlackTeam "Sheffield Deaf"]

1. e4 e6 2. d4 d5 3. Nc3 Nf6 4. e5 Nfd7 5. f4 c5 6. Nf3 Nc6 7. Be3 Be7 8. Qd2
O-O 9. dxc5 Bxc5 10. O-O-O Bxe3 11. Qxe3 f6 12. exf6 Nxf6 13. g3 a6 14. Bh3 e5
15. Bxc8 Qxc8 16. fxe5 Re8 17. Nxd5 Ng4 18. Qb3 Na5 19. Ne7+ Kh8 20. Nxc8 Nxb3+
21. axb3 Raxc8 22. Rhe1 Rf8 23. Nd4 Nxh2 24. e6 Rfe8 25. Nf5 Nf3 26. Re3 Ng5
27. Nd6 1-0

[Event "4NCL Online Division 4"]
[Site "online"]
[Date "2021.01.26"]
[Round "1.32"]
[White "Freund, Michael P"]
[Black "Constable, Christine F"]
[Result "1/2-1/2"]
[WhiteElo "1670"]
[BlackElo "1455"]
[PlyCount "81"]
[EventDate "2021.01.26"]
[WhiteTeam "Sheffield Deaf"]
[BlackTeam "Bude Surfers"]

1. d4 Nf6 2. Bf4 g6 3. e3 Bg7 4. Nf3 d6 5. h3 O-O 6. Be2 Nbd7 7. O-O e5 8. dxe5
dxe5 9. Nxe5 Nh5 10. Bxh5 Nxe5 11. Qxd8 Rxd8 12. Be2 Bf5 13. Na3 c6 14. Rfd1
Rd7 15. Rxd7 Nxd7 16. c3 Nb6 17. Nc4 Nxc4 18. Bxc4 Rd8 19. Kf1 b5 20. Be2 Be4
21. Rd1 Rxd1+ 22. Bxd1 Bf6 23. f3 Bd5 24. a3 Kg7 25. e4 Be6 26. Be3 a6 27. Kf2
g5 28. Bd4 Kg6 29. Bxf6 Kxf6 30. Ke3 Ke5 31. b4 f6 32. Be2 h6 33. Bf1 f5 34.
exf5 Bxf5 35. g3 Kd5 36. f4 g4 37. hxg4 Bxg4 38. Bd3 c5 39. Bf1 cxb4 40. cxb4
Bc8 41. Bd3 1/2-1/2

[Event "4NCL Online Division 4"]
[Site "online"]
[Date "2021.01.26"]
[Round "1.33"]
[White "Richards, Maurice A"]
[Black "Gibson, Stephen"]
[Result "1-0"]
[WhiteElo "1454"]
[BlackElo "1505"]
[PlyCount "95"]
[EventDate "2021.01.26"]
[WhiteTeam "Bude Surfers"]
[BlackTeam "Sheffield Deaf"]

1. d4 b5 2. Nf3 e6 3. e4 Bb7 4. Bd3 c5 5. c3 c4 6. Bc2 d5 7. e5 h6 8. Nbd2 Ne7
9. Nf1 Nd7 10. Ne3 Ng6 11. Bxg6 fxg6 12. h4 Be7 13. Qc2 Nf8 14. g3 Qd7 15. Ng2
O-O-O 16. Nf4 Qe8 17. Bd2 a5 18. a3 a4 19. Ng1 Ba8 20. O-O-O Qf7 21. Nf3 Qf5
22. Qxf5 gxf5 23. Rdg1 h5 24. Nh3 g6 25. Nhg5 Bxg5 26. Nxg5 Rd7 27. f3 Re7 28.
g4 Nh7 29. gxf5 gxf5 30. Rg2 Rg7 31. Rhg1 Nxg5 32. Bxg5 Rhg8 33. Kd2 Bc6 34.
Ke2 Be8 35. Kf2 Kd7 36. Rg3 Bf7 37. Bf4 Rxg3 38. Rxg3 Rxg3 39. Kxg3 Ke7 40.
Bg5+ Kf8 41. Bf6 Kg8 42. Kf4 Kh7 43. Kg5 Kg8 44. Kh6 Be8 45. Be7 Kh8 46. Kg5
Kg8 47. Kf6 Kh7 48. Kxe6 1-0

[Event "4NCL Online Division 4"]
[Site "online"]
[Date "2021.01.26"]
[Round "1.34"]
[White "Litherland, Reuben"]
[Black "Russell, Lloyd"]
[Result "1-0"]
[WhiteElo "1320"]
[BlackElo "1259"]
[PlyCount "53"]
[EventDate "2021.01.26"]
[WhiteTeam "Sheffield Deaf"]
[BlackTeam "Bude Surfers"]

1. d4 d5 2. c4 dxc4 3. e3 Be6 4. Nc3 c6 5. Nf3 Nf6 6. Be2 a6 7. O-O b5 8. e4 g6
9. Ng5 Qc8 10. Nxe6 Qxe6 11. e5 Nd5 12. Bg4 f5 13. exf6 Qxf6 14. Ne4 Qg7 15.
Re1 Nd7 16. Bxd7+ Kxd7 17. a4 e6 18. axb5 cxb5 19. Bg5 Be7 20. Qf3 Rhf8 21. Qg3
Qxd4 22. Bxe7 Kxe7 23. Rad1 Qxb2 24. Rxd5 exd5 25. Qc7+ Ke6 26. Ng3+ Kf6 27.
Qe7# 1-0

[Event "4NCL Online Division 4"]
[Site "online"]
[Date "2021.01.26"]
[Round "1.41"]
[White "Gill, Veer"]
[Black "Ball, Matthew P"]
[Result "1-0"]
[WhiteElo "1306"]
[BlackElo "1794"]
[PlyCount "81"]
[EventDate "2021.01.26"]
[WhiteTeam "Hatch End B"]
[BlackTeam "Doughnuts of Doom"]

1. e4 d6 2. d4 Nf6 3. Nc3 Nbd7 4. Nf3 e5 5. dxe5 dxe5 6. Bc4 h6 7. Be3 c6 8.
O-O b5 9. Bb3 Qc7 10. h3 Bc5 11. Qe2 a5 12. a3 Ba6 13. Bxc5 Nxc5 14. Qe3 Nxb3
15. cxb3 b4 16. Ne2 O-O 17. Rfe1 Rad8 18. axb4 Rd3 19. Qc1 Rxb3 20. Rxa5 Bb5
21. Rxb5 Rxf3 22. gxf3 Qd7 23. Rxe5 Qxh3 24. Ng3 h5 25. Qg5 h4 26. Qf5 Qxf5 27.
Nxf5 g5 28. Ne7+ Kh7 29. Rxg5 Re8 30. Rh5+ Kg7 31. Nf5+ Kg6 32. Rh6+ Kg5 33.
f4+ Kxf4 34. Rxf6 h3 35. Nd6+ Kg5 36. Nxe8 h2+ 37. Kxh2 c5 38. Rf5+ Kh4 39. Re3
cxb4 40. Rh3+ Kg4 41. Nf6# 1-0

[Event "4NCL Online Division 4"]
[Site "online"]
[Date "2021.01.26"]
[Round "1.42"]
[White "Smith, David W"]
[Black "Barry, Brendan"]
[Result "1-0"]
[WhiteElo "1706"]
[BlackElo "1263"]
[PlyCount "81"]
[EventDate "2021.01.26"]
[WhiteTeam "Doughnuts of Doom"]
[BlackTeam "Hatch End B"]

1. e4 e5 2. d4 d6 3. Nf3 h6 4. dxe5 dxe5 5. Qxd8+ Kxd8 6. Nxe5 Be6 7. Bd3 Bd6
8. Nf3 Nc6 9. O-O Nf6 10. Re1 Ng4 11. h3 Nge5 12. Nxe5 Bxe5 13. c3 Re8 14. Na3
a6 15. Be3 b6 16. Nc4 b5 17. Nxe5 Nxe5 18. Bc2 Nd7 19. b3 Ke7 20. f4 f6 21.
Rad1 Rad8 22. Rd2 Kf8 23. Red1 Kg8 24. Kf2 Rf8 25. f5 Bf7 26. Rxd7 Rxd7 27.
Rxd7 Rc8 28. Bc5 Be8 29. Rd2 Rb8 30. b4 Kh8 31. Bb3 Bc6 32. Ke3 Re8 33. Rd4 g6
34. Bf7 Re5 35. Bxg6 Kg7 36. g4 a5 37. a3 Be8 38. Bxe8 Rxe8 39. Rd7+ Kh8 40.
Rxc7 axb4 41. axb4 1-0

[Event "4NCL Online Division 4"]
[Site "online"]
[Date "2021.01.26"]
[Round "1.43"]
[White "Shah, Ashok"]
[Black "Ball, Katie C"]
[Result "0-1"]
[WhiteElo "1103"]
[BlackElo "1525"]
[PlyCount "120"]
[EventDate "2021.01.26"]
[WhiteTeam "Hatch End B"]
[BlackTeam "Doughnuts of Doom"]

1. d4 e6 2. Bd2 f5 3. Nc3 Nf6 4. Bg5 Be7 5. Nf3 O-O 6. e3 b6 7. Ne5 Bb7 8. Bxf6
Bxf6 9. e4 fxe4 10. Be2 Nc6 11. Nxe4 Nxe5 12. dxe5 Bxe5 13. Bd3 Bxb2 14. Rb1
Bf6 15. Qg4 Qe7 16. Qh5 g6 17. Nxf6+ Qxf6 18. Qe2 Qc3+ 19. Kf1 Qc6 20. f3 Qd5
21. Bc4 Qc5 22. Rb5 Qd4 23. h4 Qa1+ 24. Qe1 Qxe1+ 25. Kxe1 Ba6 26. Rb4 Rf4 27.
Bxe6+ dxe6 28. Rxf4 Rd8 29. h5 gxh5 30. Rxh5 Rd7 31. Rg5+ Rg7 32. Rxg7+ Kxg7
33. Ra4 Bb5 34. Rxa7 Kg6 35. Rxc7 Ba4 36. Rc6 Bxc6 37. Kd2 Bd5 38. a4 Bc6 39.
Kc3 Bxa4 40. Kb2 Kf5 41. c3 Kf4 42. Ka3 Bc6 43. Kb4 Kg3 44. f4 Kxf4 45. c4 e5
46. Kc3 Ke3 47. g4 Kf2 48. Kd3 e4+ 49. Kd4 e3 50. g5 e2 51. Kd3 e1=Q 52. Kd4
Qe6 53. Kc3 Qe5+ 54. Kb4 Qc5+ 55. Kc3 Ke3 56. g6 hxg6 57. Kb2 Qxc4 58. Ka3 Bd5
59. Kb2 Kd2 60. Kb1 Qa2# 0-1

[Event "4NCL Online Division 4"]
[Site "online"]
[Date "2021.01.26"]
[Round "1.44"]
[White "Ball, Charlie"]
[Black "Smyth, Peter"]
[Result "1-0"]
[WhiteElo "1467"]
[BlackElo "970"]
[PlyCount "73"]
[EventDate "2021.01.26"]
[WhiteTeam "Doughnuts of Doom"]
[BlackTeam "Hatch End B"]

1. e4 e5 2. Nf3 Nc6 3. d4 f6 4. dxe5 fxe5 5. Bb5 Qf6 6. Bg5 Qe6 7. O-O a6 8.
Ba4 b5 9. Bb3 Qg6 10. Qd2 Qxe4 11. Re1 Qg4 12. Nxe5 Nxe5 13. Rxe5+ Ne7 14. Bd5
c6 15. Bf3 Qc4 16. b3 Qf7 17. Nc3 h6 18. Bh4 g5 19. Bg3 Bg7 20. Re3 d5 21. Rae1
O-O 22. Rxe7 Qg6 23. Nxd5 cxd5 24. Bxd5+ Kh8 25. Bxa8 Bg4 26. Qd3 Bf5 27. Be4
h5 28. Bxf5 Rxf5 29. Re8+ Kh7 30. R1e6 Qf7 31. R8e7 Qxe6 32. Rxe6 h4 33. Qxf5+
Kg8 34. Re8+ Bf8 35. Rxf8+ Kg7 36. Qf6+ Kh7 37. Rh8# 1-0

[Event "4NCL Online Division 4"]
[Site "online"]
[Date "2021.01.26"]
[Round "1.51"]
[White "Foister, Steven A M"]
[Black "O'Byrne, Daniel"]
[Result "0-1"]
[WhiteElo "2099"]
[BlackElo "1844"]
[PlyCount "160"]
[EventDate "2021.01.26"]
[WhiteTeam "Maidenhead 1"]
[BlackTeam "War & Piece 1"]

1. e4 c5 2. Nf3 e6 3. Nc3 Nc6 4. Be2 a6 5. O-O Nf6 6. d4 cxd4 7. Nxd4 Bc5 8.
Nb3 Ba7 9. Bf4 e5 10. Bg5 h6 11. Bh4 O-O 12. Nd5 g5 13. Nxf6+ Qxf6 14. Bg3 d6
15. c3 Rd8 16. Bc4 Be6 17. Bd5 Bxd5 18. Qxd5 Qe6 19. Qxe6 fxe6 20. Rfe1 h5 21.
h4 g4 22. Rad1 Rd7 23. Kf1 Rad8 24. Rd3 Rf7 25. Red1 Rdf8 26. R1d2 Bb8 27. a3
Bc7 28. c4 b6 29. Ke2 a5 30. a4 Rc8 31. f3 Nb4 32. Rc3 Na2 33. Rcc2 gxf3+ 34.
gxf3 Rcf8 35. f4 exf4 36. Bf2 f3+ 37. Ke1 Rf4 38. Bg3 Rxe4+ 39. Kf2 e5 40. Nc1
Nb4 41. Rc3 Rg4 42. Nd3 Nxd3+ 43. Rdxd3 Rxg3 44. Kxg3 f2 45. Rf3 f1=Q 46. Rxf1
Rxf1 47. Kg2 Rf4 48. Rg3+ Kf7 49. Rg5 Rxh4 50. Kf3 Rf4+ 51. Ke3 h4 52. Rh5 Rxc4
53. b3 Rb4 54. Rh7+ Ke6 55. Rxc7 Rxb3+ 56. Kd2 Kd5 57. Rh7 h3 58. Kc2 Rg3 59.
Kd2 Rg2+ 60. Ke3 h2 61. Rh6 Ra2 62. Kd3 Kc5 63. Kc3 d5 64. Kb3 Rg2 65. Ka3 e4
66. Rh3 Kd4 67. Rh4 Kd3 68. Rh5 d4 69. Rh6 e3 70. Rh3 Kd2 71. Rh4 d3 72. Rh6 e2
73. Rxb6 h1=Q 74. Rb2+ Ke3 75. Rb1 Qh8 76. Rc1 Qf8+ 77. Kb3 Qb8+ 78. Ka3 Qb4+
79. Ka2 e1=Q+ 80. Ka1 Qb2# 0-1

[Event "4NCL Online Division 4"]
[Site "online"]
[Date "2021.01.26"]
[Round "1.52"]
[White "Kelly, Richard"]
[Black "Smith, Nigel D"]
[Result "1/2-1/2"]
[WhiteElo "1795"]
[BlackElo "1884"]
[PlyCount "59"]
[EventDate "2021.01.26"]
[WhiteTeam "War & Piece 1"]
[BlackTeam "Maidenhead 1"]

1. d4 d6 2. e4 Nf6 3. Nc3 Nbd7 4. Nf3 e5 5. Bc4 Be7 6. O-O O-O 7. h3 c6 8. a4
Qc7 9. Be3 b6 10. Qe2 a6 11. Kh1 Bb7 12. Rfd1 b5 13. dxe5 dxe5 14. axb5 axb5
15. Bd3 Bc5 16. Nd2 Qb6 17. Bxc5 Nxc5 18. Qe3 Nfd7 19. Bf1 Ne6 20. Qxb6 Nxb6
21. f3 Rfd8 22. Nb3 Rxd1 23. Rxa8+ Bxa8 24. Nxd1 Kf8 25. Kg1 Ke7 26. Ne3 g6 27.
c3 Kd6 28. Kf2 Na4 29. Nd1 Nec5 30. Nxc5 1/2-1/2

[Event "4NCL Online Division 4"]
[Site "online"]
[Date "2021.01.26"]
[Round "1.53"]
[White "Iyengar, Srihari R"]
[Black "Fielding, Michael"]
[Result "1/2-1/2"]
[WhiteElo "1873"]
[BlackElo "1792"]
[PlyCount "114"]
[EventDate "2021.01.26"]
[WhiteTeam "Maidenhead 1"]
[BlackTeam "War & Piece 1"]

1. d4 Nf6 2. Nf3 d5 3. Bg5 Ne4 4. Bh4 c5 5. dxc5 Nc6 6. e3 g6 7. Nbd2 Nxc5 8.
Be2 Bg7 9. c3 Qb6 10. b4 Ne4 11. Nxe4 dxe4 12. Nd4 O-O 13. O-O e5 14. Nb3 f6
15. Nc5 Qc7 16. Nxe4 Be6 17. Qd6 Qf7 18. Nc5 Bc8 19. Qd1 b6 20. Qb3 Qxb3 21.
Nxb3 Be6 22. Ba6 Rad8 23. Rfd1 Ne7 24. e4 g5 25. Bg3 h5 26. f3 h4 27. Bf2 h3
28. c4 hxg2 29. c5 bxc5 30. Bxc5 Rxd1+ 31. Rxd1 Kf7 32. Kxg2 Rb8 33. Rc1 Bf8
34. Bxa7 Rxb4 35. Rc7 Ra4 36. Nc5 Rxa2+ 37. Kg3 Ra1 38. Nxe6 Kxe6 39. Bc4+ Kd6
40. Rb7 Nc6 41. Bf2 Rc1 42. Bd5 Be7 43. Bxc6 Rxc6 44. Rb6 Rxb6 45. Bxb6 Ke6 46.
Kg4 Bb4 47. Bf2 Bd2 48. Bg3 Bb4 49. h4 gxh4 50. Bxh4 Bd2 51. Bg3 Bc3 52. f4
exf4 53. Bxf4 Bd4 54. Bg3 Bc3 55. Bf4 Bd4 56. Kf3 Bb2 57. Kg4 Bd4 1/2-1/2

[Event "4NCL Online Division 4"]
[Site "online"]
[Date "2021.01.26"]
[Round "1.54"]
[White "Chwieseni, Edward I"]
[Black "Mashayekh, Majid"]
[Result "0-1"]
[WhiteElo "1656"]
[BlackElo "1827"]
[PlyCount "64"]
[EventDate "2021.01.26"]
[WhiteTeam "War & Piece 1"]
[BlackTeam "Maidenhead 1"]

1. e4 d6 2. Nf3 c5 3. d4 cxd4 4. Qxd4 Nc6 5. Qa4 Bd7 6. Bb5 a6 7. Bxc6 Bxc6 8.
Qd4 Nf6 9. Nc3 g6 10. Bg5 Bg7 11. Bxf6 Bxf6 12. Qd3 Qb6 13. O-O-O Qxf2 14. Rd2
Qb6 15. Re1 O-O 16. b3 Qa5 17. Kb2 Rac8 18. Nd4 Bb5 19. Ncxb5 axb5 20. c3 Ra8
21. Kb1 Rfc8 22. b4 Qa4 23. Rc2 Rc4 24. Nf3 Bxc3 25. Rxc3 Qxa2+ 26. Kc1 Qa1+
27. Kd2 Ra2+ 28. Rc2 Raxc2+ 29. Qxc2 Rxc2+ 30. Kxc2 Qa2+ 31. Kd3 Qc4+ 32. Ke3
Qxb4 0-1

[Event "4NCL Online Division 4"]
[Site "online"]
[Date "2021.01.26"]
[Round "1.61"]
[White "Phillips, David A"]
[Black "Gajdosz, Marek"]
[Result "1/2-1/2"]
[WhiteElo "2045"]
[BlackElo "1932"]
[PlyCount "99"]
[EventDate "2021.01.26"]
[WhiteTeam "Spirit of Atticus B"]
[BlackTeam "Darnall & Handsworth"]

1. Nf3 d5 2. g3 Bf5 3. Bg2 e6 4. O-O Nf6 5. c4 c6 6. cxd5 exd5 7. d3 Bd6 8. Nc3
O-O 9. Qb3 Qc8 10. Qc2 Re8 11. Re1 Bh3 12. e4 Bxg2 13. Kxg2 Bb4 14. Bg5 dxe4
15. dxe4 Nbd7 16. Rad1 Bxc3 17. bxc3 h6 18. Bxf6 Nxf6 19. e5 Nd5 20. Nd4 Qg4
21. c4 Nf4+ 22. Kh1 Nh3 23. f3 Qh5 24. Kg2 Ng5 25. h4 Ne6 26. Qf5 Qxf5 27. Nxf5
Nc5 28. Nd6 Re7 29. f4 g6 30. h5 Kg7 31. hxg6 Kxg6 32. f5+ Kg5 33. f6 Rc7 34.
Rf1 Kg6 35. Rd4 h5 36. Rh1 Rh8 37. Rdh4 b5 38. g4 Nd3 39. gxh5+ Kg5 40. cxb5
cxb5 41. Nxb5 Rc2+ 42. Kg3 Nxe5 43. Re4 Rc5 44. Nd6 Kxf6 45. Rf1+ Ke6 46. Nxf7
Rxh5 47. Nxe5 Rhxe5 48. Rxe5+ Kxe5 49. Rf2 Kd4 50. Rb2 1/2-1/2

[Event "4NCL Online Division 4"]
[Site "online"]
[Date "2021.01.26"]
[Round "1.62"]
[White "Brown, Geoffrey D"]
[Black "Ellames, Roy"]
[Result "0-1"]
[WhiteElo "1743"]
[BlackElo "2041"]
[PlyCount "84"]
[EventDate "2021.01.26"]
[WhiteTeam "Darnall & Handsworth"]
[BlackTeam "Spirit of Atticus B"]

1. b3 e5 2. Bb2 Nc6 3. e3 Nf6 4. Bb5 Bd6 5. Nf3 e4 6. Nd4 O-O 7. O-O Nxd4 8.
Bxd4 Qe7 9. f4 exf3 10. Qxf3 Be5 11. Nc3 c6 12. Bd3 d5 13. h3 c5 14. Bxe5 Qxe5
15. a4 Be6 16. Ne2 Ne4 17. Bxe4 dxe4 18. Qf4 Qxf4 19. Rxf4 f5 20. Rf2 Rad8 21.
Nf4 Bf7 22. h4 Rd6 23. Rd1 Rfd8 24. g3 b6 25. Kg2 a6 26. Kh2 b5 27. a5 g6 28.
Kg1 h6 29. Nh3 c4 30. b4 c3 31. Kf1 cxd2 32. Ng1 Bc4+ 33. Kg2 Kg7 34. Ne2 Bxe2
35. Rxe2 Kf6 36. Kf1 Ke5 37. Rh2 g5 38. hxg5 hxg5 39. Rh5 Rc8 40. Rxg5 Rxc2 41.
Ke2 Rh6 42. Rf1 Rh2+ 0-1

[Event "4NCL Online Division 4"]
[Site "online"]
[Date "2021.01.26"]
[Round "1.63"]
[White "Buckley, Colm"]
[Black "Holroyd-Doveton, Nathaniel"]
[Result "1/2-1/2"]
[WhiteElo "1931"]
[BlackElo "1642"]
[PlyCount "82"]
[EventDate "2021.01.26"]
[WhiteTeam "Spirit of Atticus B"]
[BlackTeam "Darnall & Handsworth"]

1. e4 e6 2. d4 d5 3. exd5 exd5 4. Nf3 Bd6 5. Bd3 Nf6 6. Bg5 O-O 7. O-O Bg4 8.
Re1 Nbd7 9. Nbd2 c6 10. c3 Qc7 11. Qc2 Rfe8 12. a4 Bf4 13. Bxf4 Qxf4 14. g3 Qc7
15. b4 a6 16. a5 h6 17. Kg2 Rxe1 18. Rxe1 Bxf3+ 19. Nxf3 Re8 20. Rxe8+ Nxe8 21.
Qe2 Kf8 22. Ne5 Nxe5 23. dxe5 Qe7 24. f4 Nc7 25. Qe3 Nb5 26. Bxb5 axb5 27. Kf3
Qd7 28. g4 h5 29. h3 hxg4+ 30. hxg4 Qe7 31. Qa7 f6 32. exf6 Qe4+ 33. Kg3 Qd3+
34. Kh4 Qh7+ 35. Kg3 Qd3+ 36. Kg2 Qe2+ 37. Kg3 Qd3+ 38. Kh4 Qh7+ 39. Kg3 Qd3+
40. Kh4 Qh7+ 41. Kg3 Qd3+ 1/2-1/2

[Event "4NCL Online Division 4"]
[Site "online"]
[Date "2021.01.26"]
[Round "1.64"]
[White "Chatterton, Craig"]
[Black "White, Colin"]
[Result "1-0"]
[WhiteElo "1630"]
[BlackElo "1628"]
[PlyCount "63"]
[EventDate "2021.01.26"]
[WhiteTeam "Darnall & Handsworth"]
[BlackTeam "Spirit of Atticus B"]

1. d4 Nf6 2. c4 g6 3. Nc3 Bg7 4. e4 d6 5. Be2 O-O 6. Be3 e5 7. d5 Nbd7 8. g4
Ne8 9. h4 f6 10. Qd2 Rf7 11. O-O-O b6 12. Bh6 Bh8 13. Nh3 a5 14. f4 exf4 15.
Nxf4 Ne5 16. g5 f5 17. h5 fxe4 18. hxg6 hxg6 19. Nxe4 Bf5 20. Ng3 Qd7 21. Nxf5
Qxf5 22. Rdf1 Qe4 23. Ne6 Nxc4 24. Qd3 Bxb2+ 25. Kc2 Ne3+ 26. Kxb2 Qxd3 27.
Bxd3 Nxf1 28. Bxf1 Rf5 29. Bd3 Rxd5 30. Bc4 Rc5 31. Nxc5+ Kh7 32. Bf8# 1-0

[Event "4NCL Online Division 4"]
[Site "online"]
[Date "2021.01.26"]
[Round "1.71"]
[White "He, Tom Junde"]
[Black "Littlefair, Paul"]
[Result "0-1"]
[WhiteElo "1406"]
[BlackElo "1675"]
[PlyCount "162"]
[EventDate "2021.01.26"]
[WhiteTeam "Warwickshire Bears C"]
[BlackTeam "Watford 3"]

1. e4 e5 2. Nf3 Nc6 3. Nc3 Nf6 4. Bc4 Bc5 5. O-O d6 6. Be2 O-O 7. d3 h6 8. Be3
Bxe3 9. fxe3 Bg4 10. Qd2 Qe7 11. Ne1 Bxe2 12. Qxe2 Qe6 13. Qf3 Ne7 14. d4 c6
15. Rd1 Rad8 16. d5 Qd7 17. Qg3 Kh7 18. Nf3 Ng6 19. Nh4 Nxh4 20. Qxh4 Qg4 21.
Qxg4 Nxg4 22. Rf3 Nf6 23. Rf2 a6 24. b4 Rc8 25. Rd3 Rfd8 26. h3 Rd7 27. Rfd2
Rdc7 28. dxc6 Rxc6 29. Nd5 Nxe4 30. Ne7 Nxd2 31. Nxc8 Rxc8 32. Rxd2 Rc6 33. Kf2
Kg6 34. Kf3 Kf5 35. e4+ Ke6 36. Ke3 Rc4 37. Kd3 Rxb4 38. c3 Rb6 39. h4 f5 40.
h5 fxe4+ 41. Kxe4 Rc6 42. Rd3 Rc4+ 43. Ke3 Rh4 44. Rd2 Rxh5 45. Rb2 b5 46. Rb3
Rg5 47. Kf2 Rg4 48. Kf3 Ra4 49. a3 d5 50. Ke2 e4 51. Ke3 Rc4 52. Kf4 g5+ 53.
Kg4 Kf6 54. Kh5 Kg7 55. Rb2 Rxc3 56. Rd2 Rc5 57. Re2 Rc3 58. Rd2 Rd3 59. Rc2
Rxa3 60. Rc7+ Kf6 61. Rc6+ Ke5 62. Rxh6 Ra2 63. Kg4 Rxg2+ 64. Kh3 Ra2 65. Rh8
e3 66. Kg4 e2 67. Kxg5 d4 68. Re8+ Kd5 69. Rd8+ Kc4 70. Rc8+ Kd3 71. Re8 Ra1
72. Rxe2 Kxe2 73. Kf5 d3 74. Ke6 d2 75. Kd5 d1=Q+ 76. Kc5 Ke3 77. Kb6 Qd4+ 78.
Kb7 Qd6 79. Ka7 Rh1 80. Kb7 Rh7+ 81. Kc8 Qf8# 0-1

[Event "4NCL Online Division 4"]
[Site "online"]
[Date "2021.01.26"]
[Round "1.72"]
[White "Shaw, David K"]
[Black "Nasibova, Margarita"]
[Result "1-0"]
[WhiteElo "1641"]
[BlackElo "1330"]
[PlyCount "37"]
[EventDate "2021.01.26"]
[WhiteTeam "Watford 3"]
[BlackTeam "Warwickshire Bears C"]

1. d4 Nf6 2. Bf4 g6 3. Nc3 Bg7 4. e4 d6 5. Qd2 O-O 6. O-O-O Nbd7 7. Nf3 b6 8.
e5 Nh5 9. Bh6 Bb7 10. Qe3 Bxf3 11. gxf3 Qc8 12. Bh3 Rd8 13. Nd5 Re8 14. Bg4
Bxh6 15. Qxh6 Ng7 16. h4 e6 17. Nf6+ Nxf6 18. exf6 Nf5 19. Bxf5 1-0

[Event "4NCL Online Division 4"]
[Site "online"]
[Date "2021.01.26"]
[Round "1.73"]
[White "Johal, Amrissa Kaur"]
[Black "Vig, Sanjay"]
[Result "0-1"]
[WhiteElo "1392"]
[BlackElo "1638"]
[PlyCount "92"]
[EventDate "2021.01.26"]
[WhiteTeam "Warwickshire Bears C"]
[BlackTeam "Watford 3"]

1. d4 e5 2. dxe5 Nc6 3. Nf3 d6 4. exd6 Bxd6 5. Nc3 Bf5 6. e4 Qe7 7. Qe2 Bg4 8.
Qd3 O-O-O 9. Qe3 Nb4 10. Bd3 Bc5 11. Qg5 Bxf3 12. Qf5+ Qd7 13. Qxf3 Nxd3+ 14.
Qxd3 Qxd3 15. cxd3 Rxd3 16. O-O Nf6 17. Re1 Ng4 18. Re2 Rhd8 19. Bf4 f6 20. h3
Ne5 21. Be3 Bxe3 22. Rxe3 Rd2 23. Rb1 Nc4 24. Re2 Rxe2 25. Nxe2 Rd2 26. b3 Na3
27. Re1 Nc2 28. Rc1 Rxe2 29. Kf1 Nd4 30. Re1 Rxa2 31. Rb1 c5 32. b4 b6 33. bxc5
bxc5 34. Rc1 Rc2 35. Ra1 Kb7 36. Rb1+ Kc7 37. Rd1 Kc6 38. Ra1 Nb5 39. Kg1 Kb6
40. Rb1 Rc4 41. f3 a5 42. Kf2 a4 43. Ke2 Rb4 44. Ra1 a3 45. Kd1 Rb2 46. Kc1
Rxg2 0-1

[Event "4NCL Online Division 4"]
[Site "online"]
[Date "2021.01.26"]
[Round "1.74"]
[White "Hylands, Keith"]
[Black "Vaidyanathan, Sathya"]
[Result "1/2-1/2"]
[WhiteElo "1423"]
[BlackElo "1219"]
[PlyCount "217"]
[EventDate "2021.01.26"]
[WhiteTeam "Watford 3"]
[BlackTeam "Warwickshire Bears C"]

1. e4 e5 2. Nf3 Nc6 3. Bb5 d6 4. h3 Bd7 5. O-O Nf6 6. d3 h6 7. Re1 a6 8. Bxc6
Bxc6 9. Nc3 Be7 10. a3 O-O 11. Ne2 Bd7 12. Ng3 Be6 13. Nh2 Qd7 14. Rf1 Rfe8 15.
f4 exf4 16. Bxf4 d5 17. e5 Nh7 18. d4 Bg5 19. Bxg5 Nxg5 20. Qe2 Re7 21. Rf2 Rf8
22. Raf1 Bxh3 23. Nf5 Bxf5 24. Rxf5 Qe6 25. Qd3 Ne4 26. Qh3 Qg6 27. Nf3 Qg3 28.
Qh2 Qxh2+ 29. Kxh2 Re6 30. Ne1 Rg6 31. R1f3 Rg5 32. Rxg5 Nxg5 33. Rb3 b5 34.
Rc3 Rc8 35. Re3 c5 36. dxc5 Rxc5 37. Rd3 d4 38. Rxd4 Rxe5 39. Nd3 Re2 40. Rd8+
Kh7 41. Ra8 Rxc2 42. Rxa6 Nf3+ 43. Kg3 Nd4 44. Ne5 f6 45. Ng4 Rxb2 46. Ra7 Kg6
47. Ra6 Nf5+ 48. Kh2 h5 49. Ne5+ Kh6 50. Nf3 Ne3 51. Ne1 Ng4+ 52. Kg3 Rb3+ 53.
Nf3 Ne5 54. Ra5 Nxf3 55. gxf3 b4 56. a4 Ra3 57. Ra6 b3 58. Rb6 b2 59. Rxb2 Rxa4
60. Rb8 Kg6 61. Rb5 f5 62. Rb6+ Kg5 63. Rb5 g6 64. Rb1 f4+ 65. Kh3 Kh6 66. Rb6
Ra1 67. Rb2 Rh1+ 68. Kg2 Rc1 69. Rb4 Kg5 70. Rb5+ Kh4 71. Rb4 Rc2+ 72. Kf1 Kg3
73. Ke1 Kxf3 74. Rb3+ Kg4 75. Rb6 g5 76. Rb4 h4 77. Kf1 h3 78. Kg1 h2+ 79. Kh1
Kg3 80. Rb3+ Kh4 81. Rf3 Kg4 82. Rd3 f3 83. Rd1 Kg3 84. Rf1 g4 85. Rxf3+ Kh4
86. Rf4 Kg3 87. Rxg4+ Kf3 88. Rg3+ Kf4 89. Rg4+ Ke5 90. Rg2 Rc8 91. Kxh2 Rh8+
92. Kg1 Rc8 93. Kh2 Rh8+ 94. Kg1 Ra8 95. Kh2 Kf4 96. Rg7 Ra2+ 97. Kh3 Ra3+ 98.
Kh2 Ra2+ 99. Kh3 Ra3+ 100. Kh2 Ra8 101. Rf7+ Ke5 102. Re7+ Kf6 103. Rb7 Rh8+
104. Kg3 Rg8+ 105. Kf3 Kg5 106. Rb5+ Kh6 107. Rb6+ Kh7 108. Rb7+ Kh8 109. Rb5
1/2-1/2

[Event "4NCL Online Division 4"]
[Site "online"]
[Date "2021.01.26"]
[Round "1.81"]
[White "Penny, Liam"]
[Black "Marshall, John R"]
[Result "1-0"]
[WhiteElo "1743"]
[BlackElo "1682"]
[PlyCount "57"]
[EventDate "2021.01.26"]
[WhiteTeam "Cheshire Cats"]
[BlackTeam "Temple Sutton"]

1. d4 Nf6 2. Nc3 g6 3. e4 d6 4. Bf4 Bg7 5. Qd2 O-O 6. O-O-O Nbd7 7. e5 Nh5 8.
Bh6 dxe5 9. g4 Bxh6 10. Qxh6 Ng7 11. dxe5 c6 12. Nf3 f6 13. e6 Qc7 14. exd7
Bxd7 15. Ne4 Bxg4 16. Neg5 Qf4+ 17. Kb1 fxg5 18. Nxg5 Qxg5 19. Qxg5 Bxd1 20.
Bc4+ e6 21. Rxd1 b5 22. Bb3 a5 23. a4 Kh8 24. Rd7 Rf5 25. Qe7 Rg8 26. Bxe6 Re5
27. Qxg7+ Rxg7 28. Rd8+ Rg8 29. Rxg8# 1-0